书目信息 |
| 题名: |
前奏曲《牧神午后》
|
|
| 作者: | 德彪西 作曲 | |
| 分册: | ||
| 出版信息: | 北京 人民音乐出版社 1981 |
|
| 页数: | 38页 | |
| 开本: | 20cm | |
| 丛书名: | ||
| 单 册: | ||
| 中图分类: | J657.617(565) , J632.61 | |
| 科图分类: | ||
| 主题词: | 管弦乐 , 前奏曲 , 管弦乐--前奏曲--法国 , 民族乐器--奏法 , 民族器乐--理论 | |
| 电子资源: | ||
| ISBN: | 7-103-02233-X | |
| 000 | 00942nam0 2200289 45 | |
| 001 | 010010014339 | |
| 005 | 20070808182457.46 | |
| 010 | @a7-103-02233-X@dCNY4.60 | |
| 100 | @a20030329e20011981em y0chiy0110 ea | |
| 101 | 0 | @achi |
| 102 | @aCN@b110000 | |
| 105 | @ag z 000yy | |
| 200 | 1 | @a前奏曲《牧神午后》@9qian zou qu《 mu shen wu hou》@e管弦乐总谱@f(法)德彪西作曲 |
| 210 | @a北京@c人民音乐出版社@d1981@h2001 | |
| 215 | @a38页@d20cm | |
| 330 | @a本书在欧洲传统音乐的基础上,以它在调性、节秦、音色等方面的独创性,形成了一种新的所谓“印象派”的语言,从而打开了现代音乐的一条新的道路。 | |
| 517 | 1 | @a管弦乐总谱@9guan xian yue zong pu |
| 606 | 0 | @a管弦乐 |
| 606 | 0 | @a前奏曲 |
| 606 | 0 | @a管弦乐@x前奏曲@y法国 |
| 606 | 0 | @a民族乐器@x奏法 |
| 606 | 0 | @a民族器乐@x理论 |
| 690 | @aJ657.617(565)@v4 | |
| 690 | @aJ632.61@v3 | |
| 701 | 0 | @a德彪西@9de biao xi@4作曲 |
| 801 | 0 | @aCN@bRENTIAN@c20070808 |
| 905 | @a10447@dJ632.61@e5 | |
| 前奏曲《牧神午后》:管弦乐总谱/(法)德彪西作曲.-北京:人民音乐出版社,1981(2001) |
| 38页;20cm |
| ISBN 7-103-02233-X:CNY4.60 |
| 本书在欧洲传统音乐的基础上,以它在调性、节秦、音色等方面的独创性,形成了一种新的所谓“印象派”的语言,从而打开了现代音乐的一条新的道路。 |
| ● |
| 相关链接 |
|
|
|
|
正题名:前奏曲《牧神午后》
索取号:J632.61/5
 
预约/预借
| 序号 | 登录号 | 条形码 | 馆藏地/架位号 | 状态 | 备注 |
| 1 | 0809936 | 208099369 | 第一样本阅览室/ [索取号:J632.61/5] | 在馆 | |
| 2 | 0809937 | 208099378 | 第一借阅区/ [索取号:J632.61/5] | 在馆 | |
| 3 | 0809938 | 208099387 | 第一借阅区/ [索取号:J632.61/5] | 在馆 | |
| 4 | 0809939 | 208099396 | 第一借阅区/ [索取号:J632.61/5] | 在馆 | |
| 5 | 0809940 | 208099403 | 第一借阅区/ [索取号:J632.61/5] | 在馆 | |
| 6 | 0809941 | 208099412 | 第一借阅区/ [索取号:J632.61/5] | 在馆 | |
| 7 | 0809942 | 208099421 | 第一借阅区/ [索取号:J632.61/5] | 在馆 | |
| 8 | 0809972 | 208099724 | 密集书库-音乐系/ [索取号:J632.61/5] | 在馆 | |
| 9 | 0809973 | 208099733 | 密集书库-音乐系/ [索取号:J632.61/5] | 在馆 | |
| 10 | 0809974 | 208099742 | 密集书库-音乐系/ [索取号:J632.61/5] | 在馆 |